| 000 | 00568nam a22001937a 4500 | ||
|---|---|---|---|
| 005 | 20251108173111.0 | ||
| 008 | 250721s2004 xx 000 0 ara d | ||
| 020 | _a9773580571 | ||
| 082 | 1 | 4 | _a616.08/ داك |
| 100 | 1 | _aداكو، بيير | |
| 245 | 1 | 0 | _aالإنتصارات المدهشة لعلم النفس / |
| 264 | 1 |
_aالقاهرة : _bدار الفجر، _c2004. |
|
| 300 | _a477ص | ||
| 650 | 1 | 7 | _aعلم النفس |
| 650 | 1 | 7 | _aالطب النفسي |
| 700 | 1 |
_aالشريف، بوجابي محمد _etran. |
|
| 942 |
_2ddc _cBK |
||
| 999 |
_c96044 _d96044 |
||